00432nam a2200121Ia 45000010005000000080041000050820027000461000073000732450076001462600066002225900007002889990015002954316241024s9999 xx 000 0 und d aRD/351.97293/R426/2012 aRepública Dominicana. Ministerio de Administración Pública MAP 0aPNC - 04. Guia CAF 2006 para la realización del autodiagnóstico/MAP bDirección de Tecnología de Información y Comunicación asi c9487d9487